00511nam a22001577a 450000500170000001000150001702000270003203500150005903700090007408200150008310000250009824500750012326000440019827000850024230000260032720240703152917.0 aENG-140737 c1880.00a9788196762131 aEN- 124269 bDBAD a358.400954 aSingh, Swaim Prakash aIndian Air Force And Integration Of Armed Forces/cSwaim Prakash Singh aNew DelhibKW Publishers Pvt Ltd c2024 bNew Delhia4676/21,First Floor, Ansari Road Daryaganj e110002k91 11 43528107 axxxv, 307p.c24cm(hp)